Influencia de la mano de obra en las construcciones

Gespeichert in:
Bibliographische Detailangaben
1. Verfasser: Bolaños Cabezas, Mario
Format: Unbekannt
Veröffentlicht: [San José, Costa Rica] 1960
Schlagworte:
Tags: Tag hinzufügen
Keine Tags, Fügen Sie den ersten Tag hinzu!

MARC

LEADER 00000 a2200000 4500
003 011119
005 20221231143806.0
008 140114s1960 cr a m 000 ||s d
040 |c cru CEDI 
090 |a TFG 150 
100 |a Bolaños Cabezas, Mario  |9 17404 
245 |a Influencia de la mano de obra en las construcciones 
260 |c 1960  |a  [San José, Costa Rica] 
300 |a  29 hojas : cuadros, gráficos ; 28 cm  
500 |a  Tesis (Ingenieria civil) Universidad de Costa Rica.  
650 |x CONSTRUCCION  |9 17405 
942 |c TFG 
999 |c 12052  |d 12052